[Event "ch-USA"]
[Site "Saint Louis USA"]
[Date "2009.05.11"]
[Round "4"]
[White "Robson, R."]
[Black "Ibragimov, I."]
[Result "1-0"]
[WhiteElo "2465"]
[BlackElo "2586"]
[PlyCount "71"]
[EventDate "2009.05.08"]

1. e4 c6 2. d4 g6 3. Nc3 d6 4. Bg5 Qb6 5. Qd2 Qxb2 6. Rb1 Qa3 7. Bc4 Bg7 8.
Nge2 Nf6 9. O-O Nbd7 10. f4 d5 11. exd5 Nb6 12. Bb3 Nfxd5 13. Ne4 Bg4 14. N2g3
h6 15. Bh4 O-O-O 16. h3 Ne3 17. hxg4 Bxd4 18. Kh1 g5 19. Rf3 gxh4 20. Nf5 Nbc4
21. Bxc4 Nxc4 22. Rxa3 Nxd2 23. Nxd2 Bc5 24. Rc3 e6 25. Nxh4 Be7 26. Nhf3 Rhg8
27. Nc4 Rxg4 28. Na5 Rd7 29. Ne5 Rh4+ 30. Rh3 Rxh3+ 31. gxh3 Rd5 32. Nxb7 Kc7
33. c4 Rd4 34. Na5 Bf6 35. Rb7+ Kc8 36. Nexc6 1-0

[Event "ch-USA"]
[Site "Saint Louis USA"]
[Date "2009.05.11"]
[Round "4"]
[White "Gulko, B."]
[Black "Eckert, D."]
[Result "1-0"]
[WhiteElo "2561"]
[BlackElo "2275"]
[PlyCount "41"]
[EventDate "2009.05.08"]

1. d4 Nf6 2. c4 g6 3. Nc3 d5 4. Bf4 Bg7 5. e3 c5 6. dxc5 Qa5 7. Rc1 Ne4 8. cxd5
Nxc3 9. Qd2 Qxa2 10. Rxc3 O-O 11. Bc4 Qa1+ 12. Rc1 Qxb2 13. Nf3 Nd7 14. Be2 Qa3
15. Nd4 Bxd4 16. exd4 Nf6 17. Bf3 Rd8 18. O-O Nxd5 19. Bxd5 Rxd5 20. Ra1 Qb3
21. Rfb1 1-0

[Event "ch-USA"]
[Site "Saint Louis USA"]
[Date "2009.05.12"]
[Round "5"]
[White "Hess, Ro"]
[Black "Khachiyan, M."]
[Result "1-0"]
[WhiteElo "2485"]
[BlackElo "2546"]
[PlyCount "87"]
[EventDate "2009.05.08"]

1. e4 c5 2. Nf3 e6 3. d4 cxd4 4. Nxd4 Nf6 5. Nc3 d6 6. g4 h6 7. Bg2 Nc6 8. g5
hxg5 9. Bxg5 Bd7 10. Nb3 a6 11. Qe2 Be7 12. h4 b5 13. a3 Nh5 14. O-O-O Bxg5+
15. hxg5 Qxg5+ 16. Kb1 Ke7 17. Bf3 Nf4 18. Qd2 Qe5 19. Nd5+ exd5 20. exd5 Rxh1
21. Rxh1 Nd8 22. Re1 f6 23. Rxe5+ fxe5 24. Nd4 Rc8 25. c3 g5 26. Qe3 Kf6 27.
Ne2 Bf5+ 28. Ka1 Nxe2 29. Bxe2 Rc5 30. Qf3 e4 31. Qh1 Nf7 32. Qd1 Ne5 33. Qd4
g4 34. b4 Rc8 35. a4 bxa4 36. Bxa6 Rh8 37. b5 e3 38. b6 Rh1+ 39. Ka2 exf2 40.
Qxf2 Rh8 41. b7 Rg8 42. Qb6 Nd7 43. Qxd6+ Kg5 44. Bd3 1-0

[Event "ch-USA"]
[Site "Saint Louis USA"]
[Date "2009.05.12"]
[Round "5"]
[White "Becerra Rivero, J."]
[Black "Brooks, M."]
[Result "0-1"]
[WhiteElo "2609"]
[BlackElo "2463"]
[PlyCount "168"]
[EventDate "2009.05.08"]

1. e4 Nf6 2. e5 Nd5 3. d4 d6 4. Nf3 Bg4 5. Be2 c6 6. Ng5 Bxe2 7. Qxe2 dxe5 8.
dxe5 e6 9. O-O Nd7 10. Re1 Be7 11. Nf3 Qc7 12. Nbd2 h6 13. Nf1 O-O-O 14. a3 c5
15. c4 N5b6 16. Bd2 g5 17. h3 Rhg8 18. g4 Nf8 19. Ng3 Ng6 20. b3 Nd7 21. Ra2
Nb8 22. Nh5 Nc6 23. Bc3 Rd7 24. b4 Rgd8 25. b5 Rd3 26. Rc1 Na5 27. Be1 b6 28.
Bxa5 bxa5 29. Rd2 Rxd2 30. Nxd2 Nxe5 31. Nf3 Ng6 32. a4 Qd6 33. Qe4 Kb8 34. Ne1
Qd4 35. Qb1 Kc7 36. Qb3 Kb6 37. Kf1 Qe4 38. Ng3 Qd4 39. Qf3 Ne5 40. Qe2 Qd2 41.
Qxe5 Qxc1 42. Qe4 Rc8 43. Ne2 Qa1 44. Qf3 Qf6 45. Qe4 Bd6 46. Nc1 Qd4 47. Qc2
Be5 48. Ne2 Qd7 49. Nf3 Bf6 50. Nc1 Rd8 51. Kg2 Qb7 52. Nb3 a6 53. Nbd2 Rd4 54.
Kg1 Rf4 55. Ne1 axb5 56. Nd3 Rd4 57. cxb5 Qd5 58. Nb2 Bd8 59. Nbc4+ Ka7 60. Kf1
Qh1+ 61. Ke2 Qxh3 62. Ne3 Bb6 63. Qh7 Rxd2+ 64. Kxd2 Qf3 65. Qd3 Qxf2+ 66. Kc1
Qg1+ 67. Kc2 Qh2+ 68. Kb3 Qg3 69. Kc2 c4 70. Qd7+ Qc7 71. Qxc7+ Bxc7 72. Kc3
Bb6 73. Nxc4 f5 74. gxf5 exf5 75. Kd3 g4 76. Ne5 h5 77. Ng6 Bd8 78. Ne5 Bc7 79.
Nd7 h4 80. Ke2 h3 81. Kf1 g3 82. Kg1 f4 83. Kh1 g2+ 84. Kg1 f3 0-1

[Event "ch-USA"]
[Site "Saint Louis USA"]
[Date "2009.05.12"]
[Round "5"]
[White "Shabalov, A."]
[Black "Sevillano, E."]
[Result "0-1"]
[WhiteElo "2569"]
[BlackElo "2520"]
[PlyCount "78"]
[EventDate "2009.05.08"]

1. d4 Nf6 2. c4 e6 3. Nf3 d5 4. Nc3 c6 5. g3 dxc4 6. Bg2 Nbd7 7. O-O Bb4 8. Qc2
O-O 9. e4 Re8 10. e5 Nd5 11. Ne4 b5 12. a3 Be7 13. Bg5 Nf8 14. Nd6 Bxg5 15.
Nxg5 Re7 16. b3 cxb3 17. Qxb3 Bd7 18. Rfc1 f5 19. exf6 gxf6 20. Nge4 Qb8 21. g4
Kh8 22. Qg3 Ng6 23. Nc3 Ngf4 24. Bxd5 Qxd6 25. Bf3 Qxd4 26. Rc2 Rg8 27. Re1 f5
28. Rd1 Qe5 29. Kf1 fxg4 30. Bxg4 h5 31. Re1 Qd6 32. Rd1 Qe5 33. Re1 Qg5 34.
Re4 e5 35. Bxd7 Rxd7 36. Qxg5 Rxg5 37. h4 Rg4 38. Rxe5 Rxh4 39. Rg5 Rd3 0-1

[Event "ch-USA"]
[Site "Saint Louis USA"]
[Date "2009.05.13"]
[Round "6"]
[White "Kamsky, G."]
[Black "Hess, Ro"]
[Result "1/2-1/2"]
[WhiteElo "2720"]
[BlackElo "2485"]
[PlyCount "70"]
[EventDate "2009.05.08"]

1. e4 c5 2. Nf3 d6 3. d4 cxd4 4. Nxd4 Nf6 5. Nc3 g6 6. Be3 a6 7. f3 b5 8. a4 b4
9. Nd5 Nxd5 10. exd5 Bb7 11. Bc4 Nd7 12. Qd2 Nb6 13. Qxb4 Nxc4 14. Qxb7 Qc8 15.
Qxc8+ Rxc8 16. Bf2 Nxb2 17. O-O Bg7 18. Rfb1 Nc4 19. Rb7 O-O 20. Rd1 Bf6 21.
Nc6 e6 22. Bd4 Kg7 23. Ne7 Bxd4+ 24. Rxd4 e5 25. Nxc8 exd4 26. Rc7 Ne3 27. Nxd6
Nxd5 28. Rc4 Rd8 29. Nb7 Ne3 30. Rc7 Rb8 31. Nd6 Rb2 32. Rxf7+ Kg8 33. Rd7 Rxc2
34. Ne4 Rxg2+ 35. Kh1 Ra2 1/2-1/2

[Event "ch-USA"]
[Site "Saint Louis USA"]
[Date "2009.05.13"]
[Round "6"]
[White "Brooks, M."]
[Black "Friedel, J."]
[Result "0-1"]
[WhiteElo "2463"]
[BlackElo "2516"]
[PlyCount "80"]
[EventDate "2009.05.08"]

1. e4 e5 2. Nf3 Nc6 3. Bb5 a6 4. Bxc6 dxc6 5. O-O f6 6. d4 Bg4 7. dxe5 Qxd1 8.
Rxd1 fxe5 9. Rd3 Bd6 10. Nbd2 Nf6 11. Nc4 O-O 12. Ncxe5 Bh5 13. b3 Nxe4 14. Bb2
Rae8 15. Re1 Nf6 16. c4 Bxf3 17. Nxf3 Rxe1+ 18. Nxe1 b5 19. Nf3 bxc4 20. bxc4
Nd7 21. Bd4 c5 22. Be3 Rb8 23. Rb3 Rb4 24. Nd2 Ne5 25. Rxb4 cxb4 26. c5 Be7 27.
Nb3 Kf7 28. Bf4 Nd3 29. Bxc7 Nxc5 30. Nxc5 Bxc5 31. Kf1 Ke6 32. Ke2 Kd5 33. h4
Kc4 34. h5 Kc3 35. f4 Kb2 36. Be5+ Kxa2 37. Bxg7 b3 38. Kd3 Bf8 39. Bh8 a5 40.
Kc4 a4 0-1

[Event "ch-USA"]
[Site "Saint Louis USA"]
[Date "2009.05.13"]
[Round "6"]
[White "Kaidanov, G."]
[Black "Shankland, S."]
[Result "1-0"]
[WhiteElo "2595"]
[BlackElo "2446"]
[PlyCount "97"]
[EventDate "2009.05.08"]

1. d4 d5 2. c4 c6 3. Nc3 Nf6 4. e3 e6 5. Nf3 Bd6 6. Bd3 O-O 7. e4 dxe4 8. Nxe4
Nxe4 9. Bxe4 f5 10. Bc2 c5 11. O-O cxd4 12. Nxd4 a6 13. Re1 e5 14. Nf3 e4 15.
c5 Bxc5 16. Bb3+ Kh8 17. Qxd8 Rxd8 18. Ne5 Rf8 19. Be3 Bxe3 20. Rxe3 g6 21. Rh3
Kg7 22. Rc1 f4 23. Rc7+ Kf6 24. Rhc3 Kxe5 25. Rxc8 Nc6 26. Rc7 Rac8 27. Rxb7
Nd4 28. Re7+ Kf5 29. Bc4 a5 30. Kf1 Rfe8 31. Rxh7 e3 32. Rd7 e2+ 33. Ke1 Rcd8
34. Bb5 Rh8 35. Rc5+ Kf6 36. Rcd5 Rxd7 37. Bxd7 f3 38. gxf3 Nxf3+ 39. Kxe2 Ne5
40. Ba4 Rxh2 41. Rxa5 g5 42. Ra6+ Ke7 43. Bb3 Kd7 44. Re6 Ng4 45. Kf3 Nh6 46.
Rg6 g4+ 47. Kg3 Rh3+ 48. Kg2 Ke7 49. Be6 1-0

[Event "ch-USA"]
[Site "Saint Louis USA"]
[Date "2009.05.13"]
[Round "6"]
[White "Sevillano, E."]
[Black "Ehlvest, J."]
[Result "1/2-1/2"]
[WhiteElo "2520"]
[BlackElo "2606"]
[PlyCount "137"]
[EventDate "2009.05.08"]

1. e4 e5 2. Nf3 Nc6 3. Bb5 Bc5 4. O-O Qf6 5. c3 Nge7 6. d4 exd4 7. Bxc6 dxc6 8.
cxd4 Bb6 9. Bg5 Qd6 10. Na3 Be6 11. Qe2 Ng6 12. Nc4 Bxc4 13. Qxc4 O-O 14. Rad1
Rfe8 15. Rfe1 h6 16. Bd2 Rad8 17. a4 a5 18. Bc3 Nf4 19. g3 Qd7 20. Re3 Qg4 21.
Rde1 Rd6 22. Nh4 Nh3+ 23. Kg2 Ng5 24. Nf5 Rd7 25. Qe2 Qh3+ 26. Kh1 g6 27. g4
Rxe4 28. Rxh3 Rxe2 29. Rxe2 Nxh3 30. Re8+ Kh7 31. d5 gxf5 32. gxf5 f6 33. Bxf6
Rg7 34. Bxg7 Kxg7 35. dxc6 bxc6 36. Re7+ Kf6 37. Re6+ Kxf5 38. Rxh6 Nxf2+ 39.
Kg2 Nd3 40. b3 c5 41. Kf1 c4 42. bxc4 Nc5 43. Ke2 Nxa4 44. Kd3 Nc5+ 45. Kc3 Ne6
46. Kb3 Bc5 47. h4 Bb4 48. Rh8 Kg6 49. Re8 Nd4+ 50. Ka4 c5 51. Rg8+ Kh7 52. Re8
Kg7 53. Re4 Kh6 54. Re8 Nc2 55. Rh8+ Kg7 56. Rd8 Na3 57. Kb3 Nb1 58. Kc2 Nc3
59. Re8 Na4 60. Re6 Kf7 61. Re3 Nb6 62. h5 Nxc4 63. Rg3 Be1 64. Rg5 Bh4 65.
Rxc5 Nd6 66. Rxa5 Kg7 67. Kd3 Kh6 68. Ke2 Bg5 69. Ra6 1/2-1/2

[Event "ch-USA"]
[Site "Saint Louis USA"]
[Date "2009.05.13"]
[Round "6"]
[White "Christiansen, L."]
[Black "Robson, R."]
[Result "0-1"]
[WhiteElo "2588"]
[BlackElo "2465"]
[PlyCount "72"]
[EventDate "2009.05.08"]

1. c4 e6 2. Nc3 d5 3. d4 c6 4. e4 dxe4 5. Nxe4 Bb4+ 6. Bd2 Qxd4 7. Bxb4 Qxe4+
8. Ne2 Na6 9. Bf8 Ne7 10. Bxg7 Nb4 11. Qd6 Nc2+ 12. Kd2 Nxa1 13. Bxh8 Qc2+ 14.
Ke1 Qxc4 15. Nc3 Qb4 16. Qd2 e5 17. Qc1 Bg4 18. f3 Bxf3 19. Bf6 Nd5 20. Bxe5
Qe7 21. gxf3 Qxe5+ 22. Kf2 Qd4+ 23. Kg3 Ne3 24. Bh3 Nac2 25. Nd1 f5 26. Nxe3
f4+ 27. Kf2 fxe3+ 28. Kg3 Qd6+ 29. f4 Qd3 30. Rd1 Qg6+ 31. Kf3 Qh5+ 32. Bg4
Qxh2 33. Rd6 Qf2+ 34. Ke4 e2 35. Bxe2 Qxe2+ 36. Kf5 Ke7 0-1

[Event "ch-USA"]
[Site "Saint Louis USA"]
[Date "2009.05.13"]
[Round "6"]
[White "Krush, I."]
[Black "Becerra Rivero, J."]
[Result "1-0"]
[WhiteElo "2452"]
[BlackElo "2609"]
[PlyCount "80"]
[EventDate "2009.05.08"]

1. d4 d5 2. c4 c6 3. Nf3 Nf6 4. Nc3 e6 5. Bg5 dxc4 6. e4 b5 7. e5 h6 8. Bh4 g5
9. Nxg5 hxg5 10. Bxg5 Nbd7 11. exf6 Bb7 12. g3 c5 13. d5 Qb6 14. Bg2 b4 15. Na4
Qa6 16. O-O O-O-O 17. a3 Bxd5 18. Bxd5 Ne5 19. axb4 Rxd5 20. Qe2 cxb4 21. Nc3
Ra5 22. Rxa5 Qxa5 23. Ne4 Nd3 24. Be3 Qh5 25. f3 Qe5 26. Qc2 Qb5 27. b3 c3 28.
Bxa7 Rh5 29. Be3 Qa6 30. Bg5 Ne5 31. h4 Rh8 32. Kg2 Bh6 33. Bxh6 Rxh6 34. Rd1
Rh8 35. Nd6+ Kb8 36. Qe4 Nc6 37. Nxf7 Rf8 38. Ne5 Nxe5 39. Qxe5+ Ka8 40. Rd6
Qa7 1-0

[Event "ch-USA"]
[Site "Saint Louis USA"]
[Date "2009.05.14"]
[Round "7"]
[White "Benjamin, Joe"]
[Black "Kamsky, G."]
[Result "0-1"]
[WhiteElo "2583"]
[BlackElo "2720"]
[PlyCount "100"]
[EventDate "2009.05.08"]

1. e4 c6 2. d4 d5 3. exd5 cxd5 4. Bd3 Nc6 5. c3 Nf6 6. Bf4 Bg4 7. Qb3 Qc8 8.
Nd2 e6 9. Ngf3 Be7 10. Ne5 Bh5 11. Qc2 Nd7 12. O-O Ndxe5 13. Bxe5 Nxe5 14. dxe5
Bg6 15. Qa4+ Kf8 16. Bxg6 hxg6 17. Nf3 a6 18. Qf4 Qc7 19. Rac1 Rc8 20. b3 b5
21. a4 Kg8 22. axb5 axb5 23. Qe3 Kh7 24. Nd4 Bc5 25. Rcd1 Kg8 26. h3 Rh4 27.
Qd3 b4 28. Nf3 Rf4 29. cxb4 Rxb4 30. Rc1 Qb6 31. Rc3 d4 32. Rc4 Rxb3 33. Qe4
Rc3 34. Rc1 Qa6 35. R4xc3 dxc3 36. Rc2 Be7 37. Kh2 Rc4 38. Qd3 Qc8 39. Qe3 Qc7
40. Qd3 Qc6 41. Qe3 Bb4 42. Qd3 Qd5 43. Qe2 f6 44. Ra2 fxe5 45. Ra8+ Bf8 46.
Rd8 c2 47. Rxd5 exd5 48. Qxe5 c1=Q 49. Qxd5+ Kh8 50. Ne5 Qf4+ 0-1

[Event "ch-USA"]
[Site "Saint Louis USA"]
[Date "2009.05.14"]
[Round "7"]
[White "Friedel, J."]
[Black "Hess, Ro"]
[Result "0-1"]
[WhiteElo "2516"]
[BlackElo "2485"]
[PlyCount "70"]
[EventDate "2009.05.08"]

1. e4 e5 2. Nf3 Nc6 3. Bb5 a6 4. Ba4 d6 5. O-O Bd7 6. d4 Nxd4 7. Bxd7+ Qxd7 8.
Nxd4 exd4 9. Qxd4 Ne7 10. Nc3 Nc6 11. Qd3 Be7 12. Nd5 O-O 13. Bd2 Rae8 14. Bc3
Bd8 15. Rfe1 Ne5 16. Qg3 Ng6 17. Rad1 f6 18. h4 f5 19. exf5 Qxf5 20. Rxe8 Rxe8
21. Ne3 Qf7 22. Rd4 h5 23. a4 Re6 24. a5 Bf6 25. Ra4 Bxc3 26. bxc3 Rf6 27. f3
Nf4 28. Kf2 Ne6 29. Rb4 Nc5 30. Qh3 Qa2 31. Kg3 Qa1 32. Qc8+ Rf8 33. Qxc7 Qxc3
34. Rxb7 Qe1+ 35. Kh2 Nxb7 0-1

[Event "ch-USA"]
[Site "Saint Louis USA"]
[Date "2009.05.14"]
[Round "7"]
[White "Sevillano, E."]
[Black "Kaidanov, G."]
[Result "1-0"]
[WhiteElo "2520"]
[BlackElo "2595"]
[PlyCount "119"]
[EventDate "2009.05.08"]

1. e4 e6 2. d4 d5 3. e5 c5 4. c3 Nc6 5. Nf3 Qb6 6. a3 a5 7. Bd3 cxd4 8. cxd4
Bd7 9. Bc2 f6 10. Nc3 Nge7 11. O-O Ng6 12. Be3 Be7 13. Qb1 O-O 14. Bxg6 hxg6
15. Qxg6 Be8 16. Qd3 Bh5 17. exf6 Bxf6 18. Ne2 a4 19. Rad1 Na5 20. h3 Bxf3 21.
gxf3 Nc4 22. Rb1 Be7 23. f4 Rf6 24. Kh2 Bd6 25. Rg1 Raf8 26. Rg4 R8f7 27. Rh4
Rf5 28. Kg2 Qd8 29. Rg4 R5f6 30. Qc2 b5 31. Rg1 Rh6 32. Kh2 Qf8 33. Bc1 e5 34.
dxe5 Nxe5 35. R4g3 Nd7 36. Qd3 Nf6 37. Qxb5 Ne4 38. Rxg7+ Rxg7 39. Qxd5+ Kh8
40. Qxe4 Qc8 41. Rxg7 Qxh3+ 42. Kg1 Kxg7 43. Be3 Re6 44. Qd4+ Kf8 45. Ng3 Rg6
46. Qe4 Re6 47. Qa8+ Re8 48. Qa7 Bxf4 49. Qc5+ Kg7 50. Qh5 Qxg3+ 51. fxg3 Bxe3+
52. Kg2 Re4 53. Kf3 Re7 54. Qg4+ Kf6 55. Qxa4 Bg5 56. Kg4 Re5 57. Qc6+ Kg7 58.
b4 Be7 59. Qc3 Bf6 60. Qc4 1-0

[Event "ch-USA"]
[Site "Saint Louis USA"]
[Date "2009.05.14"]
[Round "7"]
[White "Robson, R."]
[Black "Brooks, M."]
[Result "0-1"]
[WhiteElo "2465"]
[BlackElo "2463"]
[PlyCount "152"]
[EventDate "2009.05.08"]

1. e4 c5 2. Nf3 d6 3. d4 cxd4 4. Nxd4 Nf6 5. Nc3 a6 6. Bg5 e6 7. f4 Qc7 8. Qf3
Nbd7 9. O-O-O h6 10. Bh4 Be7 11. Bd3 g5 12. fxg5 Ne5 13. Qe2 Nfg4 14. Nf3 hxg5
15. Bg3 Bd7 16. h3 Nf6 17. Qd2 Nh5 18. Bxe5 dxe5 19. Nxg5 f6 20. Nf3 Ng3 21.
Rhe1 Bc5 22. Nh2 O-O-O 23. Ng4 Nh5 24. Rf1 Be7 25. Ne2 Kb8 26. Qc3 Bc8 27.
Qxc7+ Kxc7 28. a4 Bd7 29. b3 Bc6 30. Kb2 Rdf8 31. c3 Bd6 32. Bc2 Kd7 33. b4 Ke7
34. Rf2 b5 35. axb5 axb5 36. Rdf1 Bc7 37. Kb3 Nf4 38. Nxf4 exf4 39. Re2 e5 40.
Ra1 Ra8 41. Rxa8 Rxa8 42. Nh6 Ra1 43. Nf5+ Ke8 44. c4 bxc4+ 45. Kxc4 Rc1 46.
Kb3 Bb5 47. Rd2 Re1 48. Bd1 Rxe4 49. Bh5+ Kf8 50. Rc2 Bd7 51. Rxc7 Bxf5 52. b5
Be6+ 53. Kc3 Re3+ 54. Kb4 Bd5 55. Bf3 e4 56. Bg4 f3 57. gxf3 exf3 58. Rc2 Be4
59. Rb2 f5 60. Bh5 Kg7 61. b6 Kh6 62. Bxf3 Rxf3 63. Kc4 Bb7 64. Ra2 Re3 65. Ra7
Re7 66. Kd4 f4 67. Ra5 Kg6 68. h4 f3 69. Rg5+ Kf6 70. Rg1 Kf5 71. h5 Re4+ 72.
Kc3 Re6 73. Rb1 Kf4 74. Kd4 f2 75. Rf1 Kf3 76. Kc5 Kg2 0-1

[Event "ch-USA"]
[Site "Saint Louis USA"]
[Date "2009.05.14"]
[Round "7"]
[White "Ehlvest, J."]
[Black "Krush, I."]
[Result "1-0"]
[WhiteElo "2606"]
[BlackElo "2452"]
[PlyCount "185"]
[EventDate "2009.05.08"]

1. Nf3 d5 2. g3 g6 3. Bg2 Bg7 4. c4 c6 5. Qa4 Nf6 6. cxd5 Nxd5 7. O-O O-O 8.
Nc3 e5 9. d3 h6 10. Rd1 f5 11. e4 Nb6 12. Qb3+ Kh7 13. Be3 Qe7 14. exf5 gxf5
15. Bxb6 axb6 16. Qxb6 Be6 17. Re1 Nd7 18. Qe3 Rae8 19. Qd2 Qd6 20. Rad1 b5 21.
Qc2 Nb6 22. Ne2 Nd5 23. a3 Nb6 24. d4 e4 25. Ne5 Nc4 26. Nf4 Bd5 27. Nxc4 Bxc4
28. Bf1 Bxf1 29. Kxf1 Bxd4 30. b4 c5 31. bxc5 Qxc5 32. Qb3 Qe5 33. Re2 Rf6 34.
Red2 Rd8 35. Ne2 Rfd6 36. Rxd4 Rxd4 37. Rxd4 Rxd4 38. Qf7+ Kh8 39. Nxd4 Qxd4
40. Qf8+ Kh7 41. Qxf5+ Kg7 42. Qxb5 e3 43. fxe3 Qxe3 44. Qb2+ Kg6 45. Qc2+ Kg7
46. a4 Qf3+ 47. Kg1 Qd5 48. h3 Qd4+ 49. Kh2 Qd5 50. h4 Kf6 51. Qg2 Qa5 52. Qf3+
Kg7 53. Qg4+ Kf6 54. Qf4+ Kg7 55. Qe4 Qc5 56. Kh3 Kf6 57. Kg2 Kg7 58. Qg4+ Kf6
59. Qf4+ Kg7 60. Qe4 Qa5 61. Qd4+ Kg6 62. Kf3 Qf5+ 63. Ke3 Qh3 64. Qe4+ Kf6 65.
Kf2 Qd7 66. Kg2 Qd2+ 67. Kh3 Qd7+ 68. Kh2 Qd2+ 69. Qg2 Qa5 70. Qb2+ Kg6 71. Qb5
Qd2+ 72. Kh3 Qd1 73. Qc6+ Kg7 74. a5 Qf1+ 75. Kh2 Qe2+ 76. Qg2 Qa6 77. Qd2 Qe6
78. Qc3+ Kg6 79. Qd3+ Kg7 80. a6 Qa2+ 81. Kh3 Qe6+ 82. Kg2 Qa2+ 83. Kf3 Qf7+
84. Ke3 Qe6+ 85. Kf2 Qf6+ 86. Kg2 Qc6+ 87. Kh2 Qb6 88. Qe2 Kf6 89. Qa2 Qa7 90.
Kg2 Qa8+ 91. Kg1 Kg7 92. a7 Kg6 93. Qb1+ 1-0

[Event "ch-USA"]
[Site "Saint Louis USA"]
[Date "2009.05.14"]
[Round "7"]
[White "Ibragimov, I."]
[Black "Khachiyan, M."]
[Result "1-0"]
[WhiteElo "2586"]
[BlackElo "2546"]
[PlyCount "75"]
[EventDate "2009.05.08"]

1. d4 Nf6 2. c4 g6 3. Nc3 d5 4. Qb3 dxc4 5. Qxc4 Bg7 6. e4 O-O 7. Be2 Nfd7 8.
Be3 Nb6 9. Qd3 f5 10. Rd1 Nc6 11. Nf3 Nb4 12. Qd2 fxe4 13. Nxe4 N6d5 14. Bg5
Bf5 15. Ng3 Nc2+ 16. Kf1 Ncb4 17. Nxf5 Rxf5 18. h4 Qd6 19. h5 Raf8 20. hxg6
hxg6 21. a3 Nc6 22. Bd3 Rxf3 23. gxf3 Nxd4 24. Be4 Nf4 25. Bxf4 Rxf4 26. Rg1
Nxf3 27. Qd5+ Qxd5 28. Bxd5+ Kf8 29. Rxg6 c6 30. Ba2 Nd4 31. Rd3 e5 32. Rh3 e4
33. Rh7 e3 34. Rgxg7 Rxf2+ 35. Kg1 Ne2+ 36. Kh1 Rf1+ 37. Kh2 Rf2+ 38. Rg2 1-0

[Event "ch-USA"]
[Site "Saint Louis USA"]
[Date "2009.05.14"]
[Round "7"]
[White "Gulko, B."]
[Black "Shabalov, A."]
[Result "1/2-1/2"]
[WhiteElo "2561"]
[BlackElo "2569"]
[PlyCount "91"]
[EventDate "2009.05.08"]

1. d4 d5 2. c4 c6 3. Nf3 Nf6 4. e3 e6 5. Bd3 Nbd7 6. Nbd2 c5 7. b3 Be7 8. O-O
b6 9. Bb2 O-O 10. Qc2 dxc4 11. bxc4 cxd4 12. exd4 Bb7 13. Ne5 Rc8 14. a4 g6 15.
Ndf3 Qc7 16. Qe2 Bd6 17. Rfe1 Nh5 18. Qe3 Nxe5 19. Nxe5 Bxe5 20. dxe5 Rfd8 21.
Bf1 Ng7 22. a5 Nf5 23. axb6 axb6 24. Qf4 Qc6 25. Red1 h6 26. Qg4 Qc5 27. Qe2
Kg7 28. Rd2 h5 29. Rad1 Rxd2 30. Qxd2 Qe7 31. Bc3 Qh4 32. Qd7 Qe4 33. Re1 Qc6
34. Qxc6 Rxc6 35. Bd2 Ba6 36. Rc1 Rc5 37. f3 h4 38. Kf2 Kg8 39. Bf4 Kf8 40. g4
hxg3+ 41. hxg3 Ra5 42. Rd1 Ke8 43. g4 Ra2+ 44. Rd2 Rxd2+ 45. Bxd2 Nd4 46. Be3
1/2-1/2

[Event "ch-USA"]
[Site "Saint Louis USA"]
[Date "2009.05.14"]
[Round "7"]
[White "Shankland, S."]
[Black "Hughes, T."]
[Result "0-1"]
[WhiteElo "2446"]
[BlackElo "2230"]
[PlyCount "134"]
[EventDate "2009.05.08"]

1. e4 c5 2. Nf3 e6 3. d4 cxd4 4. Nxd4 a6 5. Nc3 b5 6. Bd3 Qb6 7. Nb3 Qc7 8. Qe2
Bb7 9. Bd2 b4 10. Nd1 Nc6 11. O-O Nf6 12. f4 a5 13. e5 Nd5 14. Ne3 Nxe3 15.
Bxe3 g6 16. Rfd1 Ne7 17. Qf2 Nd5 18. Bc5 Rc8 19. Bxf8 Kxf8 20. a3 Kg7 21. Be4
Nc3 22. bxc3 Bxe4 23. cxb4 axb4 24. axb4 Qxc2 25. Nc5 Qxf2+ 26. Kxf2 Bd5 27.
Rdc1 Rb8 28. Rab1 Bc6 29. Rb2 Rb6 30. Ke3 Rhb8 31. Rcb1 h5 32. g3 Kf8 33. Kd4
Ke7 34. Nd3 d6 35. exd6+ Kxd6 36. Ne5 Ke7 37. Rc1 Be8 38. Rc4 Rb5 39. Kc3 Ra8
40. Nf3 Ra3+ 41. Rb3 Ra2 42. Nd4 Rb7 43. Rb2 Ra3+ 44. Kd2 Ra4 45. Kd3 Bb5 46.
Nxb5 Rxb5 47. Kc3 Kd6 48. Kb3 Ra1 49. Rc8 Kd7 50. Rc3 Rd5 51. Ra2 Rxa2 52. Kxa2
Rd2+ 53. Ka3 Rxh2 54. b5 h4 55. b6 hxg3 56. Rc7+ Kd6 57. Rc8 Rh1 58. b7 Rb1 59.
b8=Q+ Rxb8 60. Rxb8 e5 61. Rb4 f5 62. Rb6+ Kc5 63. Rxg6 exf4 64. Kb3 Kd4 65.
Kc2 Ke3 66. Re6+ Kf2 67. Kd2 f3 0-1

[Event "ch-USA"]
[Site "Saint Louis USA"]
[Date "2009.05.16"]
[Round "8"]
[White "Kamsky, G."]
[Black "Onischuk, Al"]
[Result "1/2-1/2"]
[WhiteElo "2720"]
[BlackElo "2684"]
[PlyCount "64"]
[EventDate "2009.05.08"]

1. e4 e5 2. Nf3 Nc6 3. Bb5 Nf6 4. O-O Nxe4 5. d4 Nd6 6. Bxc6 dxc6 7. dxe5 Nf5
8. Qxd8+ Kxd8 9. h3 Ke8 10. Nc3 b6 11. Ne4 c5 12. c3 Be6 13. Re1 h6 14. g4 Ne7
15. Ng3 Kd7 16. Nh5 g5 17. b3 a5 18. c4 a4 19. Rb1 Nc6 20. Kg2 Nb4 21. Re2 Kc6
22. Kg3 axb3 23. axb3 b5 24. cxb5+ Kxb5 25. h4 gxh4+ 26. Nxh4 Nd3 27. Re3 Nxc1
28. Rxc1 Ra3 29. Rb1 Kb4 30. Re4+ Kb5 31. Re3 Kb4 32. Re4+ Kb5 1/2-1/2

[Event "ch-USA"]
[Site "Saint Louis USA"]
[Date "2009.05.16"]
[Round "8"]
[White "Robson, R."]
[Black "Sevillano, E."]
[Result "1-0"]
[WhiteElo "2465"]
[BlackElo "2520"]
[PlyCount "123"]
[EventDate "2009.05.08"]

1. e4 e6 2. d4 d5 3. Nc3 Bb4 4. e5 c5 5. Qg4 Ne7 6. dxc5 Nbc6 7. Bd2 O-O 8.
O-O-O d4 9. Ne4 Bxd2+ 10. Rxd2 Nxe5 11. Qg3 N7g6 12. f4 Nc6 13. Bc4 Na5 14. Bd3
Qd5 15. Kb1 f5 16. Ng5 Qxc5 17. N1f3 Rf6 18. h4 h6 19. Nh3 Nc6 20. Rhd1 Bd7 21.
Be2 Rc8 22. Nf2 Be8 23. Nd3 Qa5 24. Qf2 Qb6 25. g3 Nge7 26. Nc1 Nd5 27. Nb3 a5
28. Ka1 Ne3 29. Rc1 Nb4 30. Bd3 a4 31. Nbxd4 a3 32. bxa3 Nbd5 33. c4 Ng4 34.
Qe1 Nc7 35. Rb2 Qa7 36. Qb4 Na6 37. Qxb7 Qxb7 38. Rxb7 Nc5 39. Rb3 Nxb3+ 40.
axb3 Rd8 41. c5 e5 42. Bc4+ Kh8 43. Ne6 Ra8 44. fxe5 Rf7 45. Kb2 Re7 46. Re1
Bc6 47. Ned4 Be4 48. e6 Rea7 49. Nd2 Rxa3 50. Nxe4 fxe4 51. Rxe4 Nf6 52. Re3
Ra2+ 53. Kc3 R2a7 54. c6 Rd8 55. Nb5 Re7 56. Kb4 g5 57. hxg5 hxg5 58. Kc5 Ne8
59. b4 g4 60. Re4 Rg7 61. Re5 Nf6 62. Nd6 1-0

[Event "ch-USA"]
[Site "Saint Louis USA"]
[Date "2009.05.16"]
[Round "8"]
[White "Kaidanov, G."]
[Black "Ibragimov, I."]
[Result "1/2-1/2"]
[WhiteElo "2595"]
[BlackElo "2586"]
[PlyCount "66"]
[EventDate "2009.05.08"]

1. d4 Nf6 2. c4 e6 3. g3 Bb4+ 4. Bd2 a5 5. Bg2 O-O 6. Nf3 b6 7. O-O Bb7 8. Bf4
Be7 9. Qc2 Na6 10. Nc3 d5 11. Ne5 c5 12. dxc5 bxc5 13. Rfd1 Bd6 14. Nd3 Nb4 15.
Qd2 Nxd3 16. exd3 Bxf4 17. Qxf4 Qb8 18. Qxb8 Raxb8 19. cxd5 Bxd5 20. b3 Rfd8
21. Na4 Bxg2 22. Kxg2 Rd5 23. Rac1 Nd7 24. Rc3 g5 25. Rdc1 Rb5 26. R1c2 Kg7 27.
Kf1 h5 28. h3 Kg6 29. Ke2 Re5+ 30. Kf1 Rd5 31. Ke2 Re5+ 32. Kd2 Rf5 33. Ke2
Re5+ 1/2-1/2

[Event "ch-USA"]
[Site "Saint Louis USA"]
[Date "2009.05.16"]
[Round "8"]
[White "Shabalov, A."]
[Black "Krush, I."]
[Result "1-0"]
[WhiteElo "2569"]
[BlackElo "2452"]
[PlyCount "47"]
[EventDate "2009.05.08"]

1. e4 c5 2. Nf3 d6 3. d4 cxd4 4. Nxd4 Nf6 5. Nc3 a6 6. Bg5 e6 7. f4 Qb6 8. Qd3
Qxb2 9. Rb1 Qa3 10. f5 Be7 11. Be2 Nc6 12. fxe6 fxe6 13. Nxc6 bxc6 14. e5 dxe5
15. Bxf6 gxf6 16. Bh5+ Kf8 17. O-O f5 18. Kh1 Rg8 19. Qc4 Kg7 20. Na4 a5 21.
Rfd1 Ba6 22. Qxe6 Rad8 23. Rb3 Rxd1+ 24. Bxd1 1-0

[Event "ch-USA"]
[Site "Saint Louis USA"]
[Date "2009.05.16"]
[Round "8"]
[White "Khachiyan, M."]
[Black "Eckert, D."]
[Result "0-1"]
[WhiteElo "2546"]
[BlackElo "2275"]
[PlyCount "92"]
[EventDate "2009.05.08"]

1. e4 c5 2. Nc3 Nc6 3. Bb5 Nd4 4. Nf3 Nxb5 5. Nxb5 a6 6. Nc3 d6 7. d4 cxd4 8.
Qxd4 e5 9. Qd3 Be6 10. Bg5 Be7 11. Bxe7 Qxe7 12. O-O-O Rd8 13. Rd2 Nf6 14. Rhd1
O-O 15. Qe3 Qc7 16. h3 b5 17. a3 Rd7 18. Nh4 Rfd8 19. f4 exf4 20. Qxf4 Qc5 21.
Nf5 Qe5 22. Rf2 Qxf4+ 23. Rxf4 Kf8 24. Nxd6 Rxd6 25. Rxd6 Rxd6 26. e5 Nd5 27.
Rf2 Rc6 28. Ne4 Ke7 29. Kd2 h6 30. g4 f6 31. exf6+ Nxf6 32. Nxf6 gxf6 33. b3
Kf7 34. Rf4 Kg6 35. a4 f5 36. axb5 axb5 37. Rb4 Rc5 38. Kd3 fxg4 39. hxg4 Rg5
40. c4 bxc4+ 41. bxc4 Rxg4 42. Rb6 Kf5 43. c5 Ke5 44. c6 Rd4+ 45. Ke3 Rc4 46.
Rb5+ Bd5 0-1